Amerikanische Präsidenten – Sudden Death (Schwer) - Statistiken

Allgemein
  • Dieses Quiz wurde 454 mal gespielt
    304 seit der letzten Aktualisierung
  • Das Durchschnittsergebnis liegt bei 18 aus 40
Answers on the Grid
Answers color-coded by a green-red scale on the quiz's grid according to % correct below.
Adams
Albany
Alexander
Allegheny
Allen
Arthur
Auglaize
Bedford
Biden
Boone
Buchanan
Bush
Carter
Clark
Cleveland
Clinton
Cooke
Coolidge
Dallas
Dover
Edwards
Eisenhower
Fillmore
Ford
Franklin
Garfield
Garrett
Grant
Greene
Hale
Hamilton
Hancock
Harding
Harrison
Hayes
Hoover
Hughes
Jackson
Jefferson
Johnson
Jones
Kennedy
Kent
King
Lancaster
Lewis
Lincoln
Madison
Martin
McKinley
McPherson
Mercer
Monroe
Montgomery
Nicholas
Nixon
Obama
Orleans
Pence
Pierce
Pike
Polk
Prallis
Preston
Reagan
Rockefeller
Roosevelt
Ryans
Screven
Smith
Suffolk
Taft
Taylor
Thomas
Toledo
Trenton
Truman
Trump
Tyler
Van Buren
Vance
Vincent
Walter
Washington
Wayne
Wexford
Wilmington
Wilson
Woodson
Woodstop
 
Antwortstatistiken
Antwort % Korrekt
Obama
69%
Kennedy
65%
Roosevelt
64%
Nixon
63%
Trump
62%
Lincoln
61%
Washington
61%
Biden
60%
Bush
60%
Clinton
58%
Carter
57%
Eisenhower
56%
Jefferson
56%
Truman
55%
Reagan
53%
Adams
48%
Johnson
48%
Hoover
46%
Ford
44%
Garfield
43%
Cleveland
42%
Wilson
39%
Jackson
38%
Monroe
38%
Taft
38%
Van Buren
36%
Grant
35%
McKinley
34%
Coolidge
33%
Harding
33%
Harrison
33%
Taylor
32%
Buchanan
31%
Madison
31%
Polk
31%
Fillmore
30%
Tyler
28%
Pierce
26%
Hayes
25%
Arthur
16%
Keine übereinstimmenden Quizze gefunden
Verteilung der Resultate
Anzahl Personen mit jedem Resultat
Perzentil nach korrekt beantworteten Fragen
Ihre Resultats-Entwicklung
Sie haben dieses Quiz seit der letzten Aktualisierung nicht gespielt